Top 10 Blackest U.S. State Capitals - Statistics

General Stats
  • This quiz has been taken 144 times
  • The average score is 7 of 10
Answer Stats
% Capital % Correct
47.6 Atlanta
92%
82.2 Jackson
84%
52.5 Baton Rouge
78%
62.7 Montgomery
77%
41.5 Little Rock
73%
44.0 Richmond
65%
40.7 Columbia
64%
45.5 Trenton
49%
42.2 Dover
47%
46.4 Harrisburg
42%
No matching quizzes found
Score Distribution
Percent of People with Each Score
Percentile by Number Answered
Your Score History
You have not taken this quiz